| 000 | 00738nam a2200277Ia 4500 | ||
|---|---|---|---|
| 001 | Para_243 | ||
| 003 | CHAP | ||
| 008 | 220125s9999 xx 000 0 und d | ||
| 010 | _a199001 | ||
| 040 | _cCHAP | ||
| 090 | _aPA FOLLETO 417 | ||
| 100 |
_aWeiser _9164310 |
||
| 245 |
_aVavraia (Pleistophora) culicis / _c by Weiser |
||
| 260 |
_aToluca, Méx. : _b UAEM : _bOMS |
||
| 300 | _a5 p. | ||
| 410 | _aSerie ecología; 2 | ||
| 650 |
_aEntomología económica _937145 |
||
| 710 |
_aI. Universidad Autónoma del Estado de México _9164311 |
||
| 901 | _aPA FOLLETO 417 | ||
| 902 | _aA | ||
| 905 | _a000000 0000000000 00 | ||
| 910 | _a | ||
| 942 | _cPARA | ||
| 942 |
_cPARA _d1 |
||
| 999 |
_c199001 _d199001 |
||